[Event "5. Kaltern-Trophy 2022 Open C"]
[Site "Kaltern"]
[Date "2022.10.21"]
[Round "1.5"]
[White "Colombo, Reymund"]
[Black "Giacomazzi, Andrea"]
[Result "1-0"]
[WhiteElo "1399"]
[BlackElo "1108"]
[PlyCount "43"]
[EventDate "2022.10.21"]

1. e4 Nf6 2. e5 Nd5 3. d4 e6 4. c4 Ne7 5. Nc3 Ng6 6. Nf3 Be7 7. g3 O-O 8. h4 Bb4 9. h5 Ne7 10. h6 g6 11. Bg5 Qe8 12. Bf6 Qd8 13. Qc1 d6 14. Qg5 d5 15. a3 Bxc3+ 16. bxc3 Nbc6 17. cxd5 Qxd5 18. Bg2 Qb3 19. O-O Qxc3 20. Bxe7 Nxd4 21. Nxd4 Qxd4 22. Qf6 1-0

[Event "5. Kaltern-Trophy 2022 Open C"]
[Site "Kaltern"]
[Date "2022.10.21"]
[Round "1.7"]
[White "Boaron, Elena"]
[Black "Florescu, Emanuel"]
[Result "0-1"]
[WhiteElo "1371"]
[BlackElo "1034"]
[PlyCount "78"]
[EventDate "2022.10.21"]

1. e4 e5 2. Nf3 Nc6 3. d4 exd4 4. Bc4 Be7 5. Nxd4 d6 6. O-O Nf6 7. Nc3 Ne5 8. Bb3 O-O 9. h3 c5 10. Ndb5 a6 11. f4 Nc6 12. Na3 b5 13. Nd5 c4 14. Nxc4 bxc4 15. Bxc4 Nxd5 16. Bxd5 Qb6+ 17. Kh1 Bb7 18. Rf3 Qc7 19. Rb3 Rab8 20. Rc3 Bf6 21. Rc4 Qd7 22. Qd2 Nd8 23. Bxb7 Rxb7 24. c3 Rc7 25. Rb4 Rb7 26. a3 Rxb4 27. axb4 Qc6 28. Qd3 Qb5 29. Qf3 Re8 30. Bd2 Nc6 31. Re1 a5 32. Ra1 axb4 33. cxb4 Bxb2 34. Rb1 Bf6 35. f5 Ne5 36. Qg3 Qd3 37. Qe1 Nc4 38. Bf4 Qxe4 39. Qg3 Qxb1+ 0-1

[Event "5. Kaltern-Trophy 2022 Open C"]
[Site "Kaltern"]
[Date "2022.10.22"]
[Round "2.3"]
[White "Goetsch, Thomas"]
[Black "Colombo, Reymund"]
[Result "0-1"]
[WhiteElo "1273"]
[BlackElo "1399"]
[PlyCount "146"]
[EventDate "2022.10.21"]

1. e4 d5 2. exd5 Nf6 3. d4 Nxd5 4. Nf3 Bf5 5. Bd3 Bxd3 6. Qxd3 c6 7. c4 Nf6 8. Nc3 e6 9. Bg5 Be7 10. O-O O-O 11. Rad1 Nbd7 12. Bf4 Re8 13. d5 Nc5 14. Qc2 cxd5 15. cxd5 exd5 16. Ng5 g6 17. Nf3 Ne6 18. Be5 Rc8 19. Qb3 Nc5 20. Qb5 a6 21. Qe2 Bd6 22. Bxf6 Qxf6 23. Qd2 d4 24. Qxd4 Be5 25. Nxe5 Qxe5 26. Qxe5 Rxe5 27. Rfe1 Rxe1+ 28. Rxe1 Rd8 29. h3 Rd2 30. Re2 Rxe2 31. Nxe2 Nd3 32. b3 b5 33. a4 bxa4 34. bxa4 Nc5 35. Nc3 Kf8 36. Kf1 Ke7 37. Ke2 Kd6 38. Kd2 Kc6 39. Kc2 Kb6 40. Kb2 Nd3+ 41. Kb3 Nxf2 42. Kc4 g5 43. Kd4 Ka5 44. Ke3 Nxh3 45. gxh3 Kb4 46. Ne4 h6 47. Kd4 f5 48. Nc5 a5 49. Kd5 f4 50. Kd4 h5 51. Kd5 f3 52. Kd4 g4 53. h4 f2 54. Nd3+ Kxa4 55. Nxf2 g3 56. Nh3 Kb3 57. Ke3 a4 58. Nf4 a3 59. Nxh5 g2 60. Kf2 g1=Q+ 61. Kxg1 a2 62. Kg2 a1=Q 63. Kg3 Qd1 64. Nf4 Kc4 65. h5 Kd4 66. Kh4 Ke5 67. Ng6+ Kf5 68. Ne7+ Kf6 69. Ng6 Qh1+ 70. Kg4 Qg2+ 71. Kf4 Qd2+ 72. Kg4 Qg5+ 73. Kf3 Qxh5+ 0-1

[Event "5. Kaltern-Trophy 2022 Open C"]
[Site "Kaltern"]
[Date "2022.10.22"]
[Round "2.7"]
[White "Giacomazzi, Anna"]
[Black "Agnoli, Tiziano"]
[Result "0-1"]
[WhiteElo "1178"]
[BlackElo "1308"]
[PlyCount "78"]
[EventDate "2022.10.21"]

1. e4 e5 2. Nf3 d6 3. Bc4 h6 4. Nc3 Nf6 5. h3 Bd7 6. O-O Be7 7. d3 g5 8. Nh2 Nc6 9. Nd5 Nd4 10. c3 Nxd5 11. Bxd5 Ne6 12. Bxb7 Rb8 13. Bd5 Ng7 14. Be3 c6 15. Bc4 a5 16. Rb1 Be6 17. b3 Ra8 18. d4 Bxc4 19. bxc4 f6 20. d5 c5 21. Re1 a4 22. Nf1 Qd7 23. Ng3 O-O 24. Nh5 f5 25. Nxg7 Kxg7 26. Qf3 f4 27. Bd2 Kg6 28. Rb5 Ra7 29. Reb1 h5 30. Rb8 Bd8 31. g4 Rh8 32. R1b5 Rh7 33. gxh5+ Rxh5 34. Qg4 Rxh3 35. Qxd7 Rxd7 36. Ra8 Rd3 37. Be1 Rh3 38. Kf1 f3 39. Rxa4 Rh1# 0-1

[Event "5. Kaltern-Trophy 2022 Open C"]
[Site "Kaltern"]
[Date "2022.10.22"]
[Round "2.8"]
[White "Paragliola, Gennaro"]
[Black "Puechler, Ruben"]
[Result "0-1"]
[WhiteElo "1296"]
[BlackElo "1198"]
[PlyCount "66"]
[EventDate "2022.10.21"]

1. d4 Nf6 2. c4 e5 3. dxe5 Ng4 4. Nf3 Nc6 5. Bf4 Bb4+ 6. Nc3 Bxc3+ 7. bxc3 Qe7 8. Bg5 Qe6 9. e3 Ngxe5 10. Nd4 Nxd4 11. cxd4 Nxc4 12. d5 Qf5 13. Bf4 Nb6 14. Bxc7 Nxd5 15. Bd3 Qf6 16. Ba5 d6 17. Be4 Nc3 18. Bxc3 Qxc3+ 19. Ke2 Qc4+ 20. Kf3 f5 21. Qd5 fxe4+ 22. Qxe4+ Qxe4+ 23. Kxe4 O-O 24. Rhd1 b6 25. f3 Bb7+ 26. Kd4 Rfc8 27. Rd2 d5 28. Re1 Rc4+ 29. Ke5 Re8+ 30. Kd6 Rc6+ 31. Kd7 Rf8 32. Rxd5 Rf7+ 33. Kd8 Rc8# 0-1

[Event "5. Kaltern-Trophy 2022 Open C"]
[Site "Kaltern"]
[Date "2022.10.22"]
[Round "2.9"]
[White "Florescu, Emanuel"]
[Black "Canossa, Riccardo"]
[Result "1/2-1/2"]
[WhiteElo "1034"]
[BlackElo "1290"]
[PlyCount "102"]
[EventDate "2022.10.21"]

1. e4 e5 2. Nf3 Nc6 3. Bc4 Bc5 4. c3 Nf6 5. d3 d6 6. b4 Bb6 7. O-O h6 8. Be3 Bxe3 9. fxe3 O-O 10. Nbd2 Bg4 11. h3 Be6 12. Bxe6 fxe6 13. Nh2 Qd7 14. Ng4 Qe7 15. Nxf6+ Rxf6 16. Rxf6 Qxf6 17. Qf3 Qxf3 18. Nxf3 a6 19. d4 Rd8 20. d5 exd5 21. exd5 Ne7 22. e4 Rf8 23. Rf1 Rf4 24. Nd2 Ng6 25. Rxf4 Nxf4 26. Kh2 b5 27. c4 bxc4 28. Nxc4 Nd3 29. a3 Kf7 30. Kg3 Ne1 31. a4 Nc2 32. b5 axb5 33. axb5 Nd4 34. Nxd6+ Ke7 35. Nf5+ Nxf5+ 36. exf5 Kd6 37. Kf3 Kxd5 38. Ke3 h5 39. g4 hxg4 40. hxg4 e4 41. g5 Ke5 42. f6 gxf6 43. gxf6 Kxf6 44. Kxe4 Ke6 45. Kd4 Kd6 46. Kc4 Kd7 47. Kc5 Kd8 48. Kc6 Kc8 49. Kc5 Kb7 50. Kb4 c6 51. bxc6+ Kxc6 1/2-1/2

[Event "5. Kaltern-Trophy 2022 Open C"]
[Site "Kaltern"]
[Date "2022.10.22"]
[Round "2.10"]
[White "Comisso, Antonio"]
[Black "Niederfriniger, Jakob"]
[Result "0-1"]
[WhiteElo "1282"]
[BlackElo "1166"]
[PlyCount "98"]
[EventDate "2022.10.21"]

1. d4 d5 2. Bf4 Bf5 3. c4 dxc4 4. d5 Nf6 5. Nc3 e6 6. Qa4+ Qd7 7. Qxc4 Bd6 8. Bxd6 cxd6 9. e4 Bg6 10. Bd3 O-O 11. Nge2 Rc8 12. Qb3 Na6 13. Bxa6 bxa6 14. Ng3 exd5 15. exd5 Re8+ 16. Nce2 Qb5 17. Rd1 Qxb3 18. axb3 Bc2 19. Rd2 Bxb3 20. O-O Bxd5 21. h3 Bc4 22. Rb1 Ne4 23. Nxe4 Rxe4 24. Nc3 Re6 25. f3 Rb8 26. Rd4 Bb5 27. Rbd1 Rd8 28. Kf2 f6 29. R1d2 Kf7 30. Ne4 d5 31. Rxd5 Rxd5 32. Rxd5 Bc6 33. Rd4 Bxe4 34. fxe4 Ke7 35. g4 Rb6 36. b4 Rd6 37. Rc4 Kd7 38. Ke2 Rc6 39. Rd4+ Kc7 40. Kd3 Rd6 41. Rd5 Rxd5+ 42. exd5 Kd6 43. Kd4 g6 44. Ke4 Kd7 45. Kf4 Kd6 46. Ke4 f5+ 47. gxf5 gxf5+ 48. Kxf5 Kxd5 49. h4 Kc4 0-1

[Event "5. Kaltern-Trophy 2022 Open C"]
[Site "Kaltern"]
[Date "2022.10.22"]
[Round "3.2"]
[White "Colombo, Reymund"]
[Black "Unterweger, Christian"]
[Result "1-0"]
[WhiteElo "1399"]
[BlackElo "1246"]
[PlyCount "77"]
[EventDate "2022.10.21"]

1. e4 e5 2. Nf3 Nc6 3. d4 exd4 4. Nxd4 Nf6 5. Nc3 Bb4 6. Nxc6 bxc6 7. Bd3 d5 8. exd5 cxd5 9. Bb5+ Bd7 10. Qe2+ Qe7 11. Bxd7+ Kxd7 12. Be3 Qd6 13. O-O Bxc3 14. bxc3 Rhe8 15. f3 Re6 16. Qf2 Qa6 17. Qd2 Rae8 18. Rfe1 Qa3 19. Kf2 c5 20. Qd3 Rb8 21. Rab1 Reb6 22. Qf5+ Kc6 23. Rxb6+ axb6 24. Bf4 Ra8 25. Re7 Qxc3 26. Be5 Qd2+ 27. Kg3 Kb5 28. Bf4 Qd4 29. Re3 Ra4 30. Bg5 h6 31. Rb3+ Ka5 32. Qc8 Nh5+ 33. Kh3 Nf4+ 34. Bxf4 Rb4 35. Ra3+ Ra4 36. Qa8+ Kb5 37. Qe8+ Ka5 38. Rxa4+ Qxa4 39. Bd2+ 1-0

[Event "5. Kaltern-Trophy 2022 Open C"]
[Site "Kaltern"]
[Date "2022.10.22"]
[Round "3.3"]
[White "Agnoli, Tiziano"]
[Black "Nardelli, Jacopo"]
[Result "1/2-1/2"]
[WhiteElo "1308"]
[BlackElo "1239"]
[PlyCount "94"]
[EventDate "2022.10.21"]

1. g3 d5 2. Bg2 e5 3. e4 d4 4. d3 c5 5. c4 Nc6 6. Bd2 Bd6 7. Na3 a6 8. Nf3 Nf6 9. Qb3 Rb8 10. Qc2 O-O 11. Bg5 h6 12. Bd2 Be6 13. h3 b5 14. b3 b4 15. Nb1 Qd7 16. a4 a5 17. Qd1 Nh7 18. g4 f6 19. Nh4 Ne7 20. Nf5 Bxf5 21. gxf5 Kf7 22. Qh5+ Kg8 23. Bf3 Qe8 24. Qg4 g5 25. h4 Kg7 26. Qh3 Ng8 27. Rg1 Qc8 28. Qg4 Kf7 29. Qh5+ Ke7 30. Qg6 Rf7 31. Bh5 Qe8 32. Qxf7+ Qxf7 33. Bxf7 Kxf7 34. hxg5 Nxg5 35. Bxg5 hxg5 36. Rh1 Kg7 37. Nd2 Nh6 38. f3 Rh8 39. Ke2 Bf8 40. Rh3 Kf7 41. Rah1 Bg7 42. Nf1 Kf8 43. Nh2 Kg8 44. Ng4 Nxg4 45. Rxh8+ Bxh8 46. fxg4 Bg7 47. Rh5 Bf8 1/2-1/2

[Event "5. Kaltern-Trophy 2022 Open C"]
[Site "Kaltern"]
[Date "2022.10.22"]
[Round "3.4"]
[White "Addante, Francesco"]
[Black "Puechler, Ruben"]
[Result "1/2-1/2"]
[WhiteElo "1254"]
[BlackElo "1198"]
[PlyCount "55"]
[EventDate "2022.10.21"]

1. e4 e5 2. Nf3 Nf6 3. Nc3 Nc6 4. Bc4 Nxe4 5. Bxf7+ Kxf7 6. Nxe4 d5 7. Ng3 Bc5 8. d3 Rf8 9. Qe2 Kg8 10. Bg5 Qe8 11. O-O-O Bg4 12. Rde1 e4 13. dxe4 Nd4 14. Qd3 Bxf3 15. gxf3 Rxf3 16. Be3 Ne6 17. exd5 Bxe3+ 18. Rxe3 Rxe3 19. Qxe3 Nf8 20. Re1 Qxe3+ 21. Rxe3 Ng6 22. c4 Rf8 23. f3 Nh4 24. Re7 Rf7 25. Rxf7 Kxf7 26. f4 Ng2 27. f5 Ne3 28. b3 1/2-1/2

[Event "5. Kaltern-Trophy 2022 Open C"]
[Site "Kaltern"]
[Date "2022.10.22"]
[Round "3.5"]
[White "Niederfriniger, Jakob"]
[Black "Koelch, Juergen"]
[Result "1-0"]
[WhiteElo "1166"]
[BlackElo "1480"]
[PlyCount "79"]
[EventDate "2022.10.21"]

1. e4 d5 2. exd5 Qxd5 3. Nc3 Qa5 4. Nf3 Nf6 5. Bc4 Bf5 6. d3 c6 7. Bd2 Nbd7 8. O-O e6 9. h3 Qc7 10. Qe2 Bd6 11. a3 O-O-O 12. b4 h6 13. Be3 Rde8 14. Rab1 Nd5 15. Bxd5 exd5 16. Qd2 Ne5 17. Nd4 Bd7 18. a4 g5 19. b5 f5 20. bxc6 bxc6 21. Nde2 f4 22. Bd4 f3 23. Ng3 Rhf8 24. Rfe1 fxg2 25. Bxe5 Bxe5 26. Kxg2 Bd4 27. Rxe8+ Bxe8 28. Nd1 c5 29. Qe2 Be5 30. Ne3 Bc6 31. Qg4+ Kd8 32. Kg1 d4 33. Nc4 Rf4 34. Qe6 Bg7 35. Nf5 Bf8 36. Qf6+ Be7 37. Rb8+ Qxb8 38. Qxe7+ Kc8 39. Nfd6+ Qxd6 40. Nxd6+ 1-0

[Event "5. Kaltern-Trophy 2022 Open C"]
[Site "Kaltern"]
[Date "2022.10.22"]
[Round "3.9"]
[White "Licandro, Michele"]
[Black "Goetsch, Thomas"]
[Result "1-0"]
[WhiteElo "1452"]
[BlackElo "1273"]
[PlyCount "119"]
[EventDate "2022.10.21"]

1. d4 Nf6 2. f4 e6 3. Nf3 d5 4. e3 c5 5. c3 c4 6. Be2 a5 7. O-O a4 8. a3 Bd6 9. Bd2 Bd7 10. Be1 h6 11. Nbd2 b5 12. Ne5 Bc8 13. Bh4 Qc7 14. Bxf6 gxf6 15. Ng4 Nd7 16. Qc2 Bb7 17. Rf3 O-O-O 18. Rh3 h5 19. Nf2 h4 20. Ng4 e5 21. fxe5 fxe5 22. Rf1 Rdf8 23. Rhf3 Nb6 24. Rf6 e4 25. Nh6 Bxh2+ 26. Kh1 Bg3 27. Bg4+ Kb8 28. Qd1 Rh7 29. Bh5 Qd8 30. Nxf7 Rhxf7 31. Rxf7 Rxf7 32. Rxf7 Bc8 33. Nf1 Bc7 34. Bg4 Qg8 35. Bh5 h3 36. gxh3 Bxh3 37. Qe2 Qh8 38. Nh2 Qg8 39. Qf2 Kb7 40. Qg1 Qd8 41. Bg4 Bxg4 42. Qxg4 Qh8 43. Qg2 Qe8 44. Qg7 Qb8 45. Kg2 Kc6 46. Qg6+ Kb7 47. Ng4 Ka6 48. Rf6 Ka7 49. Qf7 Kb7 50. Qe6 Ka7 51. Ne5 Bxe5 52. dxe5 Qd8 53. Qf7+ Ka6 54. e6 Qc8 55. Qf8 Qc7 56. e7 Qd7 57. Rxb6+ Kxb6 58. Qd8+ Qc7 59. Qxc7+ Kxc7 60. e8=Q 1-0

[Event "5. Kaltern-Trophy 2022 Open C"]
[Site "Kaltern"]
[Date "2022.10.22"]
[Round "3.12"]
[White "Giacomazzi, Anna"]
[Black "Gheser, Amir"]
[Result "0-1"]
[WhiteElo "1178"]
[BlackElo "1339"]
[PlyCount "122"]
[EventDate "2022.10.21"]

1. e4 c5 2. d4 cxd4 3. c3 dxc3 4. Nxc3 Nc6 5. Nf3 d6 6. Bc4 e6 7. O-O Be7 8. Be3 Nf6 9. Bb3 O-O 10. Rc1 a6 11. h3 Bd7 12. Qe2 b5 13. a3 Na5 14. Ba2 Rc8 15. e5 Ne8 16. b4 Nc4 17. Bf4 d5 18. Nb1 f6 19. Qd3 fxe5 20. Bxe5 Rxf3 21. gxf3 Nxe5 22. Rxc8 Nxd3 23. Rxd8 Bxd8 24. Rd1 Ne5 25. f4 Nc4 26. a4 Ned6 27. axb5 axb5 28. Nc3 Bf6 29. Ne2 Ne4 30. Bb1 Nc3 31. Nxc3 Bxc3 32. Kg2 Kf7 33. Kf3 h6 34. Ke2 Bxb4 35. Ba2 Kf6 36. Rd4 Bc5 37. Rd3 Be8 38. f3 Bg6 39. Rd1 Bc2 40. Rc1 Ba4 41. Kd3 Ba3 42. Re1 Bd6 43. f5 Ne5+ 44. Ke2 Kxf5 45. Bb1+ Kf6 46. Ke3 Bc5+ 47. Ke2 Bb3 48. f4 Bc4+ 49. Kd1 Nd3 50. Bxd3 Bxd3 51. Kc1 Bf2 52. Rd1 Be3+ 53. Kb2 Bc4 54. Kc3 Bxf4 55. Rb1 e5 56. h4 e4 57. Re1 Bc7 58. Rd1 Ke5 59. Rc1 d4+ 60. Kd2 Ba5+ 61. Kd1 e3 0-1

[Event "5. Kaltern-Trophy 2022 Open C"]
[Site "Kaltern"]
[Date "2022.10.23"]
[Round "4.2"]
[White "Niederfriniger, Jakob"]
[Black "Colombo, Reymund"]
[Result "0-1"]
[WhiteElo "1166"]
[BlackElo "1399"]
[PlyCount "58"]
[EventDate "2022.10.21"]

1. e4 d5 2. exd5 Nf6 3. Nf3 Nxd5 4. Bc4 Bf5 5. Bxd5 Qxd5 6. h3 Qe4+ 7. Qe2 Qxe2+ 8. Kxe2 Bxc2 9. Nc3 Nc6 10. d3 O-O-O 11. Ne1 Nb4 12. Nxc2 Nxc2 13. Rb1 Nd4+ 14. Kd2 g6 15. Ne4 h6 16. b3 f5 17. Ng3 e5 18. Bb2 Bg7 19. Rhe1 Rhe8 20. Ne2 Nxe2 21. Rxe2 h5 22. Rbe1 Rd5 23. f4 Bh6 24. g3 h4 25. Rxe5 Rdxe5 26. Rxe5 Rg8 27. Re2 hxg3 28. Ke3 Re8+ 29. Be5 Rxe5+ 0-1

[Event "5. Kaltern-Trophy 2022 Open C"]
[Site "Kaltern"]
[Date "2022.10.23"]
[Round "4.3"]
[White "Puechler, Ruben"]
[Black "Agnoli, Tiziano"]
[Result "1-0"]
[WhiteElo "1198"]
[BlackElo "1308"]
[PlyCount "101"]
[EventDate "2022.10.21"]

1. e4 e5 2. Nf3 d6 3. Bc4 h6 4. c3 Qe7 5. O-O Nf6 6. d4 Bg4 7. Nbd2 Nbd7 8. Re1 Nb6 9. Bd3 a6 10. a4 g5 11. a5 Nc8 12. Qb3 c6 13. h3 Bh5 14. dxe5 dxe5 15. Nxe5 Qxe5 16. Qxb7 Qb8 17. Qxc6+ Nd7 18. Bxa6 Ne7 19. Qb5 Ra7 20. Nc4 Nc8 21. Qxb8 Nxb8 22. Bb5+ Ke7 23. Be3 Rc7 24. Nb6 Nxb6 25. axb6 Rc8 26. Ra7+ Ke6 27. b7 Rd8 28. Bb6 Rd1 29. Rxd1 Bxd1 30. Ra8 Bd6 31. c4 Bc2 32. c5 Be5 33. f3 Bd4+ 34. Kf1 f5 35. Bc7 Be5 36. Bc4+ Kf6 37. Bxe5+ Kxe5 38. Bd5 fxe4 39. Bxe4 Bxe4 40. fxe4 Ke6 41. b4 Kd7 42. b5 Kc7 43. c6 Re8 44. Ra4 Re5 45. Rb4 Kb6 46. Kf2 Re7 47. Ke3 Kc5 48. Rb2 Kb6 49. Kd4 Kc7 50. Kd5 Re8 51. b6+ 1-0

[Event "5. Kaltern-Trophy 2022 Open C"]
[Site "Kaltern"]
[Date "2022.10.23"]
[Round "4.7"]
[White "Unterweger, Christian"]
[Black "Licandro, Michele"]
[Result "1-0"]
[WhiteElo "1246"]
[BlackElo "1452"]
[PlyCount "49"]
[EventDate "2022.10.21"]

1. d4 Nf6 2. Nf3 d5 3. e3 e6 4. Bd3 c5 5. c3 c4 6. Bc2 Bd6 7. O-O O-O 8. Nbd2 b5 9. e4 dxe4 10. Nxe4 Bb7 11. Re1 Nbd7 12. Nxd6 Nb6 13. Nxb7 Qc7 14. Nc5 Rad8 15. Ne4 Nbd5 16. Nxf6+ Nxf6 17. Ne5 Rd5 18. Qf3 Rfd8 19. Bg5 a6 20. Bxf6 gxf6 21. Qxf6 Rxe5 22. Rxe5 Rd5 23. Rae1 b4 24. Rxd5 exd5 25. Re8# 1-0

[Event "5. Kaltern-Trophy 2022 Open C"]
[Site "Kaltern"]
[Date "2022.10.23"]
[Round "4.9"]
[White "Gheser, Amir"]
[Black "Gallo, Fausto"]
[Result "1-0"]
[WhiteElo "1339"]
[BlackElo "1246"]
[PlyCount "63"]
[EventDate "2022.10.21"]

1. e4 c5 2. Nc3 d6 3. d4 cxd4 4. Qxd4 Nc6 5. Qd2 Nf6 6. b3 e6 7. Bb2 Be7 8. O-O-O O-O 9. f3 Ne8 10. Kb1 a6 11. Nge2 b5 12. Nd4 Nxd4 13. Qxd4 Bf6 14. e5 Bxe5 15. Qxe5 Bb7 16. Qd4 Qc7 17. Bd3 e5 18. Qh4 Nf6 19. Ne4 Nxe4 20. Bxe4 Bxe4 21. Qxe4 Rac8 22. Rd5 f5 23. Qd3 e4 24. fxe4 fxe4 25. Qxe4 Rce8 26. Qd3 Re6 27. Rf1 Rfe8 28. Rdf5 Re1+ 29. Bc1 Rxf1 30. Rxf1 Qc6 31. Rd1 Rc8 32. Qd5+ 1-0

[Event "5. Kaltern-Trophy 2022 Open C"]
[Site "Kaltern"]
[Date "2022.10.23"]
[Round "5.2"]
[White "Colombo, Reymund"]
[Black "Nardelli, Jacopo"]
[Result "0-1"]
[WhiteElo "1399"]
[BlackElo "1239"]
[PlyCount "80"]
[EventDate "2022.10.21"]

1. e4 e6 2. d3 d5 3. Nd2 Nd7 4. Ngf3 Bd6 5. g3 c5 6. Bg2 Ngf6 7. O-O d4 8. Nc4 Qc7 9. Re1 e5 10. a4 Nb6 11. Nxd6+ Qxd6 12. a5 Nbd7 13. Nh4 Qc7 14. Rf1 O-O 15. f4 Re8 16. b3 h6 17. f5 b5 18. Qe2 Ba6 19. Bd2 c4 20. b4 c3 21. Be1 Nb8 22. Qd1 Nc6 23. Rb1 Qd6 24. Qc1 Rad8 25. Qa3 Bc8 26. h3 Qe7 27. g4 Nd7 28. Bg3 Ndb8 29. Rb3 Na6 30. Rfb1 Kh7 31. Nf3 g6 32. Bh4 g5 33. Bg3 f6 34. h4 Rh8 35. Kf2 Kg7 36. Nh2 Bd7 37. Nf1 Be8 38. h5 Bf7 39. Rxc3 dxc3 40. Qxc3 Rc8 0-1

[Event "5. Kaltern-Trophy 2022 Open C"]
[Site "Kaltern"]
[Date "2022.10.23"]
[Round "5.4"]
[White "Boaron, Elena"]
[Black "Puechler, Ruben"]
[Result "1-0"]
[WhiteElo "1371"]
[BlackElo "1198"]
[PlyCount "74"]
[EventDate "2022.10.21"]

1. e4 e5 2. Nf3 Nf6 3. d3 Nc6 4. Nc3 d5 5. Bg5 dxe4 6. Nxe4 Be7 7. Nxf6+ Bxf6 8. Bxf6 Qxf6 9. Qe2 Bg4 10. O-O-O Nd4 11. Qe4 Bxf3 12. gxf3 Nxf3 13. Qxb7 Qf4+ 14. Kb1 O-O 15. Bg2 Nd2+ 16. Ka1 Rab8 17. Qxa7 Ra8 18. Bxa8 Nf3 19. Bxf3 Qxf3 20. Qe3 Qd5 21. d4 Ra8 22. Qb3 Qd6 23. dxe5 Qxe5 24. Rd7 Qf4 25. Qd5 Rf8 26. Rd8 Qf6 27. Rxf8+ Kxf8 28. Qa8+ Ke7 29. Re1+ Kd6 30. Qa6+ c6 31. Rd1+ Ke5 32. Qe2+ Kf4 33. Qe3+ Kg4 34. Rg1+ Kh4 35. Qg3+ Kh5 36. Qh3+ Qh4 37. Qxh4+ Kxh4 1-0

[Event "5. Kaltern-Trophy 2022 Open C"]
[Site "Kaltern"]
[Date "2022.10.23"]
[Round "5.5"]
[White "Gheser, Amir"]
[Black "Niederfriniger, Jakob"]
[Result "1-0"]
[WhiteElo "1339"]
[BlackElo "1166"]
[PlyCount "133"]
[EventDate "2022.10.21"]

1. e4 e5 2. f4 exf4 3. Nf3 Bc5 4. d4 Bb6 5. Bxf4 d6 6. Bc4 Bg4 7. c3 Nf6 8. O-O O-O 9. Nbd2 Re8 10. Qb3 Qd7 11. Rae1 Nc6 12. Bb5 a6 13. Bxc6 Qxc6 14. e5 Be6 15. Qc2 dxe5 16. Bxe5 Nd5 17. Ng5 g6 18. Nde4 Bf5 19. g4 Rxe5 20. gxf5 Rxf5 21. Rxf5 gxf5 22. Ng3 Qg6 23. Qxf5 Qxf5 24. Nxf5 f6 25. Nh3 Kf7 26. Kf2 Re8 27. Rxe8 Kxe8 28. Kf3 Kf7 29. Nf4 Nxf4 30. Kxf4 Ke6 31. Ke4 c6 32. c4 Bc7 33. h4 b6 34. h5 c5 35. d5+ Kd7 36. Ne3 Be5 37. b3 Ke7 38. Kf5 b5 39. Ng4 Bd4 40. Ke4 Kd6 41. Kf5 Ke7 42. Nh6 Be5 43. a4 b4 44. Ng4 Bd4 45. Ke4 Kd6 46. Nh6 Kd7 47. Nf5 Bc3 48. Ng3 Ke7 49. Nf5+ Kd7 50. Ng7 Be5 51. Ne6 Bd6 52. Kf5 Ke7 53. Nf4 Be5 54. h6 a5 55. Ng6+ hxg6+ 56. Kxg6 Kf8 57. h7 f5 58. Kxf5 Bd4 59. Ke6 Kg7 60. Kd6 Kxh7 61. Kc6 Kg6 62. Kb5 Kf6 63. Kxa5 Ke7 64. Kb6 Kd7 65. Kb7 Be5 66. a5 Bc7 67. a6 1-0

[Event "5. Kaltern-Trophy 2022 Open C"]
[Site "Kaltern"]
[Date "2022.10.23"]
[Round "5.7"]
[White "Canossa, Riccardo"]
[Black "Koelch, Juergen"]
[Result "1/2-1/2"]
[WhiteElo "1290"]
[BlackElo "1480"]
[PlyCount "103"]
[EventDate "2022.10.21"]

1. e4 d5 2. exd5 Qxd5 3. Nc3 Qa5 4. d4 Nf6 5. Nf3 c6 6. Bd2 Bf5 7. Bc4 e6 8. O-O Bd6 9. Re1 O-O 10. Nb5 Qd8 11. Nxd6 Qxd6 12. a3 Re8 13. h3 Nbd7 14. Bc3 b5 15. Bd3 Bxd3 16. Qxd3 Nd5 17. Ne5 a5 18. Qf3 Nxe5 19. dxe5 Qc7 20. Qg3 Nxc3 21. Qxc3 a4 22. Re4 Rad8 23. Rae1 Rd5 24. Rd4 Red8 25. Red1 g6 26. Qe3 h5 27. Rxd5 cxd5 28. Qe2 Qc5 29. Rd3 Qb6 30. Rg3 Kf8 31. Qf3 Ke8 32. Qf6 Qc7 33. Rf3 Qe7 34. Qxe7+ Kxe7 35. Rc3 Rd7 36. Kf1 f6 37. f4 f5 38. h4 Kd8 39. Ke2 Rc7 40. Kd3 Kd7 41. Kd2 Kc8 42. Rg3 Rg7 43. Rc3+ Rc7 44. b4 Rxc3 45. Kxc3 Kc7 46. Kd4 Kc6 47. c3 Kb6 48. Ke3 Kc6 49. Kd4 Kb6 50. Ke3 Kc6 51. Kd4 Kb6 52. Ke3 1/2-1/2

[Event "5. Kaltern-Trophy 2022 Open C"]
[Site "Kaltern"]
[Date "2022.10.23"]
[Round "5.15"]
[White "Giacomazzi, Anna"]
[Black "Florescu, Emanuel"]
[Result "1/2-1/2"]
[WhiteElo "1178"]
[BlackElo "1034"]
[PlyCount "122"]
[EventDate "2022.10.21"]

1. e4 e5 2. Nf3 Nc6 3. Bc4 Bc5 4. Nc3 Nf6 5. d3 O-O 6. O-O d6 7. h3 Nd4 8. Nh2 a6 9. Ne2 Nxe2+ 10. Qxe2 b5 11. Bb3 a5 12. a3 Bd7 13. Qf3 Be6 14. Qg3 Bxb3 15. cxb3 g6 16. Kh1 c6 17. Bh6 Re8 18. Rac1 Qb6 19. Qh4 Nd7 20. f4 exf4 21. Rxf4 Bd4 22. Rc2 Bg7 23. Bxg7 Kxg7 24. Rcf2 Rf8 25. Qe7 Ne5 26. Ng4 Qd8 27. Qxd8 Raxd8 28. Nxe5 dxe5 29. R4f3 c5 30. Rc2 Rc8 31. Rf1 Rfd8 32. Rd1 c4 33. bxc4 bxc4 34. Rc3 cxd3 35. Rcxd3 Rxd3 36. Rxd3 Rc4 37. Rd5 Rxe4 38. Rxa5 Re1+ 39. Kh2 e4 40. Re5 e3 41. Kg3 Re2 42. b4 Re1 43. Kf3 Rf1+ 44. Kxe3 Re1+ 45. Kf4 Ra1 46. Ra5 Rf1+ 47. Kg3 Rf6 48. Ra8 Rc6 49. Kf2 Rc2+ 50. Kf1 h6 51. b5 Rb2 52. Ra5 Rb3 53. a4 Rb1+ 54. Kf2 Rb2+ 55. Kg1 Ra2 56. Ra8 Rd2 57. b6 Rd1+ 58. Kf2 Rd2+ 59. Kf1 Rd7 60. Rb8 Rd1+ 61. Kf2 Rd2+ 1/2-1/2